Bài mẫu ứng dụng Microsoft Access '97 trong quản lý kế toán theo luật thuế GTGT /
Thiết kế cấu trúc các Table. Chuẩn bị cho việc thiết kế và màn hình giao diện. Nhóm công việc thu chi. Nhóm công việc tồn kho, tiêu thụ, công nợ, tài sản, tổng hợp, tổng kết, danh mục, trích lưu.
محفوظ في:
| المؤلف الرئيسي: | |
|---|---|
| التنسيق: | كتاب |
| اللغة: | Vietnamese |
| منشور في: |
Tp.HCM :
Thống kê,
1999.
|
| الموضوعات: | |
| الوسوم: |
إضافة وسم
لا توجد وسوم, كن أول من يضع وسما على هذه التسجيلة!
|
| Thư viện lưu trữ: | Mạng thư viện Đại học Đà Nẵng |
|---|
| LEADER | 01177cam a2200349 i 4500 | ||
|---|---|---|---|
| 001 | 000043101 | ||
| 003 | 976 | ||
| 005 | 20030915080540.0 | ||
| 008 | 010217b1999 vm 000 vie | ||
| 020 | |c 48000 | ||
| 040 | |a IRC |c IRC |d IRC | ||
| 041 | 0 | |a vie | |
| 082 | 1 | 4 | |a 005.7565 |b ÔN-T |
| 100 | 1 | |a Ông Văn Thông. | |
| 245 | 0 | 0 | |a Bài mẫu ứng dụng Microsoft Access '97 trong quản lý kế toán theo luật thuế GTGT / |c Ông Văn Thông. |
| 260 | |a Tp.HCM : |b Thống kê, |c 1999. | ||
| 300 | |a 344tr. ; |c 27cm. | ||
| 520 | 3 | |a Thiết kế cấu trúc các Table. Chuẩn bị cho việc thiết kế và màn hình giao diện. Nhóm công việc thu chi. Nhóm công việc tồn kho, tiêu thụ, công nợ, tài sản, tổng hợp, tổng kết, danh mục, trích lưu. | |
| 630 | 0 | 4 | |a Tin học. |
| 630 | 0 | 4 | |a Access. |
| 630 | 0 | 4 | |a Computer programs. |
| 650 | 0 | 4 | |a Microsoft Access (Chương trình máy tính) |
| OWN | |a DUT | ||
| 999 | |a From the UDN01 | ||
| TYP | |a Monograph | ||
| TYP | |a Printed language | ||
| 980 | |a Mạng thư viện Đại học Đà Nẵng | ||